000
00335nam a2200145Ia 4500
003
OSt
005
20231223051428.0
008
170523s9999 xx 000 0 und d
020
_a
97881772299998
040
_c
IIMTU
100
_a
Gaikwad- Sunil T.
245
0
_a
Basic Electrical Engineering
260
_a
Dreamtech
942
_2
ddc
_c
02
999
_c
12390
_d
12390